Les 10 états les plus visités des États-Unis (AVEC CARTE) - Statistiques

Statistiques générales
  • Ce quiz a été pris 1 154 fois
  • Le résultat moyen est 7 sur 10
Réponses sur la Carte
Les réponses sont colorées sur une échelle allant du rouge au vert en fonction du pourcentage des utilisateurs qui les ont devinées à leur premier essai. Vous pouvez retrouver ces pourcentages ci-dessous.
 
Statistiques - réponses
Rangs États % Correct
4 Texas
97%
1 Californie
96%
5 New-York
96%
2 Floride
94%
3 Névada
70%
10 Hawaï
62%
8 Arizona
50%
9 Géorgie
42%
7 Caroline du Sud
38%
6 Virginie
37%
Aucun quiz correspondant
Distribution des résultats
% des personnes avec chaque résultat
Percentile par nombre de réponses
Votre historique - résultats
Vous n’avez pas pris ce quiz